Kerbal Space Program (KSP) Moons & Planets - Statistics

General Stats
  • This quiz has been taken 127 times
  • The average score is 12 of 17
Answer Stats
Type Real-life Counterpart Name % Correct
Moon Moon Mun
98%
Planet Earth Kerbin
95%
Star Sun Sun/Kerbol
94%
Planet Mars Duna
88%
Planet Jupiter Jool
87%
Moon Minmus
86%
Planet Venus Eve
83%
Moon Laythe
70%
Planet Mercury Moho
70%
Planet Pluto Eeloo
67%
Planet Ceres/Eris Dres
66%
Moon Ike
63%
Moon Callisto Bop
62%
Moon Gilly
61%
Moon Europa Tylo
57%
Moon Io Pol
52%
Moon Vall
49%
No matching quizzes found
Score Distribution
Percent of People with Each Score
Percentile by Number Answered
Your Score History
You have not taken this quiz